| 000 | 00000nam 22000008i 4500 |
| 001 | 9.868775 |
| 003 | CaOODSP |
| 005 | 20250910142446 |
| 006 | m o d f |
| 007 | cr ||||||||||| |
| 008 | 190624t20192019onca #o f000 0 fre d |
| 020 | |a9780660297255 |
| 040 | |aCaOODSP|bfre|erda|cCaOODSP |
| 043 | |an-cn--- |
| 086 | 1 |aD2-408/2019F-PDF |
| 245 | 00|aDéfendre la souveraineté du Canada : |bnouvelles menaces, nouveaux défis. |
| 264 | 1|a[Ottawa] : |bDéfense nationale = National Defence, |c[2019]. |
| 264 | 4|c©2019 |
| 300 | |a1 ressource en ligne (vii, 120 pages) : |billustrations en couleur |
| 336 | |atexte|btxt|2rdacontent/fre |
| 337 | |ainformatique|bc|2rdamedia/fre |
| 338 | |aressource en ligne|bcr|2rdacarrier/fre |
| 500 | |aPublié aussi en anglais sous le titre : Defending Canadian sovereignty : new threats, new challenges. |
| 500 | |aCopie de remplacement fournie par l'éditeur (2019/08/07; 2019/09/04; 2019/11/06; 2019/11/15). |
| 504 | |aComprend des références bibliographiques. |
| 692 | 07|2gccst|aPolitique de défense |
| 692 | 07|2gccst|aSouveraineté |
| 710 | 1 |aCanada. |bMinistère de la défense nationale. |
| 775 | 08|tDefending Canadian sovereignty : |w(CaOODSP)9.868774 |
| 776 | 0#|tLa défense de la souveraineté du Canada.|w(CaOODSP)9.868778 |
| 856 | 40|qPDF|s1.93 Mo|uhttps://publications.gc.ca/collections/collection_2019/mdn-dnd/D2-408-2019-fra.pdf |